China’s Long March to Central and Eastern Europe
| Titel: | China’s Long March to Central and Eastern Europe / Weiqing Song |
|---|---|
| Verfasser: | |
| In: |
European review, Band 26, Heft 4 (2018), Seite 755-766 alle Artikel anzeigen |
| Veröffentlicht: | 2018 |
| Format: | Aufsatz |
| Sprache: | Englisch |
X
alg: 50729654 001A $03025:26-04-23 001B $01999:26-04-23 $t22:30:47.000 001D $03025:26-04-23 001U $0utf8 001X $00 002@ $0Oou 002C $aText $btxt $2rdacontent 002D $aComputermedien $bc $2rdamedia 002E $aOnline-Ressource $bcr $2rdacarrier 003@ $0507296540 007A $0507296540 $aHEB 009Q $uhttps://doi.org/10.1017/S1062798718000431 $xH 010@ $aeng 010E $erda 011@ $a2018 021A $aChina’s Long March to Central and Eastern Europe $hWeiqing Song 028A $BVerfasser $#Weiqing, Song $#Weiqing Song $4aut $7103824014X $8Song, Weiqing$Z1969- [Tp3] $9327371331 031A $d26 $e4 $h755-766 $j2018 039B $aEnthalten in $8--Obvc--. European review. - Cambridge : Cambridge Univ. Press, 1993-. - Online-Ressource. - ISSN 1474-0575 $x201800000260004245 $9098734202 044K $RTaiwan $#中国 $#中國 $#Rotchina $#Zhongguo Diguo $#Zhongguo-Diguo $#Kaiserreich Zhongguo $#Zhongguo Volksrepublik $#Chung-kuo Renmin-Gongheguo $#Zhonghua-minguo 1911-1949 $#Chung-hua-min-kuo 1911-1949 $#China Renmin-Gongheguo $#Zhonghua-Renmin-Gongheguo $#Kaiserreich China $#China Diguo $#PRC $#Zhongguo Renmin-Gongheguo $#Shinkoku $#Chung-hua-jen-min-kung-ho-kuo $#Zhonghua Renmin-Gongheguo $#Zhongguo $#China Volksrepublik $#Volksrepublik China $#Zhongguo $#VR China $#China People's Republic $#People's Republic of China $#Zhong guo $#PRC People's Republic of China $#Zhonghua renmin gongheguo $#République populaire de Chine $#Chung-kuo kuo min cheng fu $#China Republic : 1912-1949 $#Chine $#KNR Kytajsʹkaja Narodnaja Respublika $#Zhongguo renmin gongheguo $#Chinese People's Republic $#Kytajsʹkaja Narodnaja Respublika $#Chinese People’s Republic $#Republic of China 1912-1949 $#Chung-hua min kuo 1912-1949 $#Chung-kuo $#中华人民共和国 $74009937-4 $8China [Tg1] $908501933X 044K $RRelation $#Wechselbeziehung $#Beziehungen $74145198-3 $8Beziehung [Ts1] $9085577189 044K $RMitteleuropa $RVisegrád-Staaten $ROsteuropa $#Ostmitteleuropa $#Ostmitteleuropa $#Mitteleuropa, Ost $#Central Europe Ostmitteleuropa $#Mittelosteuropa $74075753-5 $8Ostmitteleuropa [Tg1] $9085214485 044K $RWeltpolitik $RAußenpolitik $RInternationales politisches System $#International relations $#Relations internationales $#Relazioni internazionali $#Relaciones internacionales $#Internationale Politik $#internationale Politik $#bilaterale Beziehungen $#internationale Beziehungen $#Internationale Beziehungen $#Politische Beziehungen Internationale Politik $#Zwischenstaatliche Beziehungen $74072885-7 $8Internationale Politik [Tsz] $9085205222 045F $a909 $eDDC23BSB 045F/01 $a909 045F/03 $f0904 045F/03 $f0905 045F/03 $g437 045F/03 $g51 045R $aGeschichte 1950-2016 lok: 50729654 78 exp: 50729654 78 1 #EPN 201B/01 $026-04-23 $t15:14:39.000 201C/01 $026-04-23 201U/01 $0utf8 203@/01 $01233108107 208@/01 $a26-04-23 $be 209A/01 $a/ $f000 $x00 209A/01 $ab*p $x01 220C/01 $apgar 244Z/01 $#Ostmitteleuropa $#Ostmitteleuropa $#Mitteleuropa, Ost $#Central Europe Ostmitteleuropa $#Mittelosteuropa $74075753-5 $8--Tg1--Ostmitteleuropa $x05 $9085214485 247C/01 $82080>Marburg/Lahn, Herder-Institut, Forschungsbibliothek, Bibliographieportal $9336309341
| LEADER | 00000caa a2200000 c 4500 | ||
|---|---|---|---|
| 001 | 507296540 | ||
| 003 | DE-603 | ||
| 005 | 20230426223047.0 | ||
| 007 | cr|||||||||||| | ||
| 008 | 230426s2018 xx |||| o| u00||u|eng c | ||
| 035 | |a (DE-599)HEB507296540 | ||
| 040 | |a DE-603 |b ger |c DE-603 |d DE-603 |e rda | ||
| 041 | |a eng | ||
| 082 | 0 | 4 | |8 1\u |a 909 |q DE-101 |2 23/BSB |
| 085 | |8 1\u |b 909 | ||
| 085 | |8 1\u |z 1 |s 0904 | ||
| 085 | |8 1\u |z 1 |s 0905 | ||
| 085 | |8 1\u |z 2 |s 437 | ||
| 085 | |8 1\u |z 2 |s 51 | ||
| 100 | 1 | |a Song, Weiqing |d 1969- |e Verfasser |4 aut |0 (DE-603)327371331 |0 (DE-588)103824014X |2 gnd | |
| 245 | 0 | 0 | |a China’s Long March to Central and Eastern Europe |c Weiqing Song |
| 264 | 0 | |c 2018 | |
| 336 | |a Text |b txt |2 rdacontent | ||
| 337 | |a Computermedien |b c |2 rdamedia | ||
| 338 | |a Online-Ressource |b cr |2 rdacarrier | ||
| 648 | 7 | |a Geschichte 1950-2016 |2 gnd | |
| 650 | 7 | |a Beziehung |0 (DE-588)4145198-3 |0 (DE-603)085577189 |2 gnd | |
| 650 | 7 | |a Internationale Politik |0 (DE-588)4072885-7 |0 (DE-603)085205222 |2 gnd | |
| 651 | 7 | |a China |0 (DE-588)4009937-4 |0 (DE-603)08501933X |2 gnd | |
| 651 | 7 | |a Ostmitteleuropa |0 (DE-588)4075753-5 |0 (DE-603)085214485 |2 gnd | |
| 773 | 0 | 8 | |i Enthalten in |t European review |d Cambridge : Cambridge Univ. Press, 1993- |h Online-Ressource |x 1474-0575 |g Band 26, Heft 4 (2018), Seite 755-766 |w (DE-603)098734202 |w (DE-600)2048671-6 |
| 856 | |u https://doi.org/10.1017/S1062798718000431 |x Verlag | ||
| 924 | 1 | |9 2080 |a (DE-603)1233108107 |b DE-2080 |c HES |d d |g / | |


